| 000 | 00907cam a22003017a 4500 | ||
|---|---|---|---|
| 003 | CHAP | ||
| 005 | 20220817044406.0 | ||
| 008 | 101108s2010 it r 00010 eng d | ||
| 010 | _a99710 | ||
| 011 | _a100682 | ||
| 020 | _a9789251065884 | ||
| 035 | _a111368 | ||
| 040 | _cCHAP | ||
| 082 | 0 |
_a631.5 _bF34y v.10 |
|
| 110 | 1 | _aFAO | |
| 245 | 1 | 0 | _cConservation agriculture and sustainable crop intensification in Lesotho /por Laura Silici |
| 260 |
_aRome : _bFAO, _c2010 |
||
| 300 |
_aviii, 66 p. : _bilus., gráfs., tablas |
||
| 590 |
_aBATCH-UPD _b10 _c20130110 _lUCH01 _h1009 |
||
| 590 |
_aCONVERSION _b10 _c20130109 _lUCH01 _h1355 |
||
| 650 | 1 | 4 | _aAgricultura sustentable. |
| 650 | 1 | 4 |
_aAgricultura _xLesotho. _91719 |
| 650 | 1 | 4 |
_aCultivos. _930221 |
| 700 | 1 |
_aSilici, Lura _9105940 |
|
| 901 | _aBK | ||
| 942 | _cLIBRO | ||
| 949 |
_a631.5 F34y v.10 _bBC _cFAO _d33724002212827 _eFAO1 _h113716 _i111368 _sb |
||
| 999 |
_c99710 _d99710 |
||